000 00564nam a2200193Ia 4500
005 20240913125958.0
008 240913s9999||||xx |||||||||||||| ||und||
020 _a1-880653-45-1
041 _aENGLISH
082 _A622.29 N9
100 _aInternational Society of Offshore and Polar Engineers
245 4 _aThe Proceedings of the Third (1999) ISOPE Ocean Mining Symposium
250 _a1st
260 _c1999
_bInternational Society of Offshore and Polar Engi
500 _aREFERENCE
650 _aOcean Mining
_bMarine
942 _cREF
999 _c246694
_d246694